Evaluación de costos y beneficios sociales de la electrificación rural en El Salvador
Enregistré dans:
| Collectivité auteur: | |
|---|---|
| Format: | Texte |
| Publié: |
San Salvador:
Universidad Centroamericana José Simeón Cañas
|
| Tags: |
Ajouter un tag
Pas de tags, Soyez le premier à ajouter un tag!
|
MARC
| LEADER | 00000 a a2200000 04500 | ||
|---|---|---|---|
| 001 | 20362 | ||
| 003 | |||
| 040 | |||
| 090 | |a 084800 | ||
| 110 | |a Universidad Centroamericana José Simeón Cañas | ||
| 245 | |a Evaluación de costos y beneficios sociales de la electrificación rural en El Salvador | ||
| 260 | |a San Salvador: |b Universidad Centroamericana José Simeón Cañas | ||
| 300 | |a 177 p.; v. 1 | ||
| 999 | |c 12861 |d 12861 | ||
